| 000 | 00463nam a22001697a 4500 | ||
|---|---|---|---|
| 003 | GBCCL | ||
| 005 | 20241126110429.0 | ||
| 008 | 170816b xxu||||| |||| 00| 0 eng d | ||
| 040 | _cgbc | ||
| 082 |
_a266.0095417 _bPUD |
||
| 100 | _4Pudaite, Jacob | ||
| 245 |
_aMissiological approach to the Meitei / _cJacob Pudaite |
||
| 260 |
_aChurachandpur : _bJacob Pudaite, _c2017. |
||
| 300 | _a152 p. ; | ||
| 650 |
_aMissions _zManipur _zIndia _95090 |
||
| 942 |
_2ddc _cBK _051 |
||
| 999 |
_c2455 _d2455 |
||